00611nam a2200169Ia 4500008004100000020001800041082001400059100002200073245003500095260005100130300003400181490002800215600002100243942000700264952015300271999001700424250611s9999 xx 000 0 und d a9780003700770 a428.6 HAG aHaggard, H. Rider 0aKing Solomon's Mines:bLevel 4 aGreat Britain:bCollins English Library,c1990 a96p.b:includes illustrations aCollins English Library aEnglish Language cGB 00104070aUITUbUITUcGIFd2025-06-11eGifted by Mr. Anzar Alaml0o428.6 HOMpG280r2025-06-11 11:30:45w2025-06-11yGBzGifted by Mr. Anzar Alam c31447d31447